№ 6; Дефектоскопия

Библиографические подробности
Источник:Дефектоскопия/ Российская академия наук ; Отделение общей физики и астрономии УрО РАН. № 6.— , 1965-.— 0130-3082
Язык:русский
Опубликовано: 2006
Формат: Книга
Запись в KOHA:https://koha.lib.tpu.ru/cgi-bin/koha/opac-detail.pl?biblionumber=428918

MARC

LEADER 00000nam2a2200000 4500
001 428918
005 20231101074859.0
035 |a (RuTPU)RU\TPU\prd\88559 
035 |a RU\TPU\prd\44931 
090 |a 428918 
100 |a 20101020a19659999k y0rusy50 ca 
101 0 |a rus 
102 |a RU 
200 0 |a № 6 
210 |d 2006 
461 1 |0 (RuTPU)RU\TPU\prd\151  |x 0130-3082  |t Дефектоскопия  |f Российская академия наук ; Отделение общей физики и астрономии УрО РАН  |v № 6  |d 1965- 
801 0 |a RU  |b 63413507  |c 20010227  |g PSBO 
801 1 |a RU  |b 63413507  |c 20060727  |g PSBO 
801 2 |a RU  |b 63413507  |c 20210119  |g PSBO 
942 |c BK 
999 |a НТБ_ТПУ  |b НФ  |e -8/20100113  |p П-7392  |s 6/20050912  |u 557,26  |v 1